| 000 | 00496nam a22001937a 4500 | ||
|---|---|---|---|
| 003 | MPLRDC | ||
| 005 | 20220104123332.0 | ||
| 008 | 210129b ||||| |||| 00| 0 eng d | ||
| 020 | _a957-557-776-0 | ||
| 082 | _a293.1 TL c.2 | ||
| 100 | _a唐龙编著 | ||
| 245 |
_a简明紫微斗数命运学 _c |
||
| 250 | _a二版二刷 | ||
| 260 |
_a _b大展出版社有限公司 _c1999 |
||
| 300 | _b平 | ||
| 490 | _a命理与预言. 7 | ||
| 650 | _a命书--紫微斗数 | ||
| 942 |
_cBK _o293.1 TL c.2 |
||
| 999 |
_c10542 _d10532 |
||